|
|
|
|
| LEADER |
00000nab a2200000 a 4500 |
| 001 |
vtls010714312 |
| 003 |
SK-MaSNL |
| 005 |
20260304185651.0 |
| 008 |
250709s1975 xo |||||||||||||||||slo| |
| 035 |
|
|
|a (urnnbn)urn:nbn:sk:snk:ar-a04dbn
|
| 035 |
|
|
|a (uuid)043fd15a-71e1-4170-a20e-033cce6ddc9c
|
| 035 |
|
|
|a urn:nbn:sk:snk-ab3gsx
|
| 040 |
|
|
|a SNKBUCL
|b slo
|c SNKBUCL
|e AACR2
|
| 041 |
0 |
|
|a slo
|
| 044 |
|
|
|a xo
|c SK
|
| 100 |
1 |
|
|a Dušeková, Sigrid
|4 aut
|9 1016087
|
| 245 |
1 |
0 |
|a STREDOVEKÉ POHREBISKO V MODRANOCH
|c Sigrid Dušeková
|
| 773 |
0 |
|
|t Archeologické výskumy a nálezy na Slovensku v roku ...
|g Roč. 1, č. 1 (1975), s. 47-48
|
| 850 |
|
|
|a Slovenská národná knižnica
|
| 852 |
|
|
|a Slovenská národná knižnica
|
| 954 |
|
|
|a odborná, vedecká literatúra pôvodná (slovenská)
|2 lita
|
| 958 |
|
|
|a article1
|
| 958 |
|
|
|a OND
|
| 958 |
|
|
|a EUIPO
|
| 999 |
|
|
|c 3045227
|d 3047157
|